Stray Kids memes - Statistics

General Stats
  • This quiz has been taken 1,156 times
    1,155 since last reset
  • The average score is 13 of 15
Answer Stats
Question Answer % Correct
Seungmin in the building Seungmin
95%
I'm FOIVE Bang Chan
94%
G'day Fellas! My name's Bang Chan. And I'm Felix. And we're from AUstraliA!! (In Aussie Accent) Bang Chan and Felix
94%
OMG secret secret is so amazing. I love that song, that's so beautiful Han
92%
Oie Felix, Come Here Bro Bang Chan
91%
I'm hungry, I'm HUNGRY Changbin
89%
Oh, an egg, sweet! Felix
89%
Americano Joha Joha *pause* Joha Hyunjin
88%
Hi I'm Lee Know *in tiny* BC: Hi Lee Know *answers* Hi Bang Chan Lee Know
88%
Hooooooly Moly Han
85%
*screams in dolphin* I.N
83%
I.. I.. I lose my job Changbin
82%
Hey SUngMin, You're lying Hyunjin
81%
Hyung, you're fired Seungmin
67%
*Bang Chan speaks in Korean* (Answer) Stray Kids! *walks away* Felix
65%
No matching quizzes found
Score Distribution
Percent of People with Each Score
Percentile by Number Answered
Your Score History
You have not taken this quiz since the last reset